02468 2200277 4500001002100000005001500021035002000036007000300056008004100059020002200100082001100122084002000133100002000153245010600173250003500279300003700314650003000351700003000381700003900411520161600450264003402066336002102100337003002121338002302151990001602174INLIS00000000116564620251230075455 a0010-0725000084ta251230 a 1 ind  a978-623-8387-08-3 a2X1.61 aSR 2X1.61 RAT k0 aRatnani Latifah1 aKisah menakjubkan bulan Hijriah /cRatnani Latifah; penyunting, Hayatun Nufus, Dahniar Wahyu Sharfina aCetakan pertama, Februari 2024 a78 halaman :bIlustrasi ;c20 cm 4aAl Quran -- Cerita-cerita0 aHayatun Nufusepenyunting0 aDahniar Wahyu Sharfinaepenyunting aApakah teman-teman tahu kapan Rasulullah lahir? Pada bulan apakah Al-Quran diturunkan? Apa saja hari besar umat Islam? Nah, di buku ini, kita dapat menemukan jawaban dari beragam pertanyaan tersebut. Bersama buku ini juga kita diajak mempelajari sejarah Islam dengan menyenangkan. Kita jadi paham tentang kegunaan kalender Hijriah, peristiwa apa saja yang ada di bulan Hijriah, dan semua hal menarik tentang Islam. Islam memiliki sistem penanggalan sendiri. Namanya Kalender Hijriah. Kalender ini berfungsi untuk menghitung hari-hari besar Islam, mengetahui ibadah-ibadah penting yang harus dikerjakan, juga untuk mengetahui sejarah panjang perjuangan Islam. Buku ini membahas tentang apa itu kalender Hijriah dan nama-nama bulan yang ada pada penanggalan tersebut. Buku ini dilengkapi kisah kisah sejarah perjuangan Islam yang berkaitan dengan bulan dalam kalender Hijriah. Kita akan belajar bersama-sama tentang 12 bulan hijriah lewat cerita yang asyik dan ilustrasi yang menarik. Semoga kamu bisa mengambil banyak pelajaran dalam buku ini, ya! Tahun Terbit : Cetakan Pertama, Februari 2024 Pernahkah Anda terpikir betapa menariknya dunia yang terbuka lebar lewat lembaran buku? Membaca bukan hanya kegiatan rutin, tetapi juga petualangan tak terbatas ke dalam imajinasi dan pengetahuan. Membaca mengasah pikiran, membuka wawasan, dan memperkaya kosakata. Ini adalah pintu menuju dunia di luar kita yang tak terbatas. Tetapkan waktu khusus untuk membaca setiap hari. Dari membaca sebelum tidur hingga menyempatkan waktu di pagi hari, kebiasaan membaca dapat dibentuk dengan konsistensi. aJakarta Timur :bKanak,c2024 2rdacontentateks 2rdamediaaTanpa perantara 2rdacarrieraVolume a55985.66805